Kelsen y la crisis de la ciencia jurídica

Spremljeno u:
Bibliografski detalji
Glavni autor: Calsamiglia, Albert (Autor)
Format: Knjiga
Jezik:španjolski
Izdano: Barcelona Ariel 1977
Teme:
Oznake: Dodaj oznaku
Bez oznaka, Budi prvi tko označuje ovaj zapis!

MARC

LEADER 00000nam a2200000 a 4500
001 UCS8789
003 CL-VaPUC
005 20250224090523.0
008 971107e19770000SP |||||||||||||||||spa|d
999 |c 262998  |d 262996 
040 |c Pontificia Universidad Católica de Valparaíso 
082 0 4 |a 340.109  |b CAL  |2 21 
100 0 |a Calsamiglia, Albert  |e author  |9 393599 
245 1 0 |a Kelsen y la crisis de la ciencia jurídica 
260 |a Barcelona  |b Ariel  |c 1977 
300 |a 253 p 
583 |a last modification  |c 19971107 00:00:00  |k Rodrigo Vera 
600 |a Kelsen, Hans  |d 1881-1973  |9 859087 
650 0 |a Pensamiento jurídico  |9 255517 
650 0 |a Teoría del derecho  |9 255982 
650 7 |a CIENCIA JURIDICA  |2 CL-VaPUC  |9 393600 
650 7 |a DERECHO Y CIENCIA  |2 CL-VaPUC  |9 256215 
650 7 |a SISTEMA JURIDICO  |2 CL-VaPUC  |9 393601 
650 7 |a LEGUNAS DEL DERECHO  |2 CL-VaPUC  |9 393602 
650 0 |a Validez del derecho  |9 366181 
650 7 |a EFECTIVIDAD DEL DERECHO  |2 CL-VaPUC  |9 393603 
650 0 |a Ordenamiento jurídico   |9 355371 
852 |a BIBCUR 
942 |c BK  |2 ddc 
945 |d 19971107 00:00:00  |a aolguin 
952 |0 0  |1 0  |4 0  |6 340_109000000000000_CAL_1977  |7 0  |8 DER_TF  |9 292074  |a BIBDER  |b BIBDER  |d 2019-11-19  |i 1897632  |l 1  |o 340.109 CAL 1977  |p 1897632  |r 2023-01-25  |s 2020-03-18  |w 2019-11-19  |x Ubicación 4to Piso  |y BK  |z Estos recursos deben solicitarse con anticipación  |k DER